000 00711nam a22002537a 4500
003 UA-OsUOA
001 28719
007 ta
008 20050427b un ||||| |||| 00| 0 ukr d
100 _aМарчук А. І.
090 _a340.63
_bМ30
942 _cBK
040 _aUA-OsUOA
_bukr
_cUA-OsUOA
_dUA-OsUOA
245 _aСудова психіатрія
_bнавч. посіб.
300 _a240 с.
955 _a2
041 _aukr
080 _a340.63
020 _a966-8074-38-6
260 _aК.
_bАтіка
_c2004
044 _aUA
650 7 _a340 Право в цілому. Пропедевтика. Методи та допоміжні правничі науки
_2UDC
999 _c315091
_d315091